=LDR 00000nam 2200000 4500 =001 INLIS000000000017985 =005 20130612113154 =008 ***********************************Ind** =035 ##$$0010-061300000017985 =041 ##$$a Ind =082 ##$$a 636.6 =090 ##$$a 636.6, Suw m =100 ##$$a Suwito, Edi =245 ##$$a Merawat dan melatih burung-burung dari cina, Adi Suwito =260 ##$$a 2001 $b Jakarta =300 ##$$a viii, 56 hlm, ilus, 21 cm =650 ##$$a Burung =850 ##$$a NBPNMAT